Score 0/30 Timer 04:00
0 Plays Today
Hint 3-Letter Word % Correct
• Start counting in English (1) •*ONE*
99%
• Continue counting in Spanish (2) •*DOS*
96.4%
Female DeerDOE
96%
____ AngelesLOS
95.8%
Keats poem: '____ to a Nightingale'ODE
89.5%
U.S. President Ike's monogramDDE
83.5%
Stephen King novel: Salem's ____LOT
82.8%
Former leader of North Korea: ____ Jong-ilKIM
77.6%
Band famous for 'Losing My Religion'R.E.M.
74.2%
Kamikaze ingredient: Triple ___SEC
72.4%
DVR buttonREC
72.2%
Cereal that is 'Kid tested, mother approved'KIX
71.7%
Do-over in tennisLET
66.9%
• Finish counting in French (10) •*DIX*
57.6%
Crude shelterHUT
52.7%
Hint 3-Letter Word % Correct
• Continue counting in Korean (3) •*SET*
51.1%
PaymentFEE
46.7%
Kwik-E-Mart proprietor: ____ NahasapeemapetilonAPU
46.3%
The Beach Boys album: ____ SoundsPET
46%
*Continue counting in Thai (4)* *SEE*
45%
• Continue counting in Italian (6) •*SEI*
44.9%
FittingAPT
44.8%
• Continue counting in Norwegian (5) •*FEM*
43.2%
Architect I. M. ____PEI
42.9%
• Continue counting in Hungarian (7) •*HET*
36.2%
Not safeOUT
27.3%
• Continue counting in Romanian (8) •*OPT*
24.8%
Two-time 'Dancing with the Stars' winner JohnsonKYM
18.5%
• Continue counting in Japanese (9) •*KYU*
12.3%
SweetfishAYU
10.8%

Today's Daily Dose

Missing Word
'T' Pairs

Word Ladder
Game Pieces

Get the Picture
Baseball Movies

Remove Ads.
Support Sporcle.
Get the best of Sporcle when you Go Orange. This ad-free experience offers more features, more stats, and more fun while also helping to support Sporcle. Thank you for becoming a member.

You're not logged in!

Compare scores with friends on all Sporcle quizzes.
OR
Log In

Show Comments

Extras

Top Quizzes Today


Score Distribution

Your Account Isn't Verified!

In order to create a playlist on Sporcle, you need to verify the email address you used during registration. Go to your Sporcle Settings to finish the process.

Report this User

Report this user for behavior that violates our Community Guidelines.

Details: